Spanish Adjectives 4 - Statistics

General Stats
  • This quiz has been taken 40 times
    3 since last reset
  • The average score is 139 of 500
Answer Stats
Español English % Correct
Administrativo/Administrativa Administrative
100%
Anexado Annexed
100%
Balística/Balístico Ballistic
100%
Cándido/Cándida Candid
100%
Cívico/Cívica Civic
100%
Cohesivo/Cohesiva Cohesive
100%
Comunista Communist
100%
Comparativa/Comparativo Comparative
100%
Consecutivo/Consecutiva Consecutive
100%
Contemplativa/Contemplativo Contemplative
100%
Controlable Controllable
100%
Cosmético/Cosmética Cosmetic
100%
Definido/Definida Definite
100%
Digital Digital
100%
Divorciado/Divorciada Divorced
100%
Dominante Dominant
100%
Electrocutado/Electrocutada Electrocuted
100%
Enigmático/Enigmática Enigmatic
100%
Eufórico/Eufórica Euphoric
100%
Exploratorio/Exploratoria Exploratory
100%
Explorado/Explorada Explored
100%
Extensivo(a)/Extenso Extensive
100%
Feminista Feminist
100%
Franco Frank
100%
Glamuroso(a)/Glamoroso(a) Glamorous
100%
Idealista Idealistic
100%
Idiota (also idiot) Idiotic
100%
Inmenso/Inmensa Immense
100%
Incohesivo/Incohesiva Incohesive
100%
Incomparable Incomparable
100%
Incomprensivo/Incomprensiva Incomprehensive
100%
Insolente Insolent
100%
Intelectual Intellectual
100%
Introductorio/Introductoria Introductory
100%
Intuitivo/Intuitiva Intuitive
100%
Invencible Invincible
100%
Medicado/Medicada Medicated
100%
Metabólico/Metabólica Metabolic
100%
Meticuloso/Meticulosa Meticulous
100%
Peculiar Peculiar
100%
Plausible Plausible
100%
Precioso/Preciosa Precious
100%
Preliminar Preliminary
100%
Prematuro/Prematura Premature
100%
Profusa/Profuso Profuse
100%
Puntual Punctual
100%
Reactivo/Reactiva Reactive
100%
Saturado/Saturada Saturated
100%
Séptico/Séptica Septic
100%
Sexista Sexist
100%
Socialista Socialist
100%
Simétrico/Simétrica Symmetrical
100%
Sistémico/Sistémica Systemic
100%
Terminal Terminal
100%
Trivial Trivial
100%
Viral/Vírico(a) Viral
100%
Virtuoso/Virtuosa Virtuous
100%
Abominable Abominable
50%
Abrasivo/Abrasiva Abrasive
50%
Abismal Abysmal
50%
Todo en uno All in one
50%
Alfabético Alphabetical
50%
Amplia/Amplio (also broad, extensive, wide) Ample
50%
Anticlimático/Anticlimática Anticlimactic
50%
Apático/Apática Apathetic
50%
Autístico(a)/Autista Autistic
50%
Bañado/Bañada Bathed
50%
Beneficioso Beneficial
50%
Bíblica/Bíblico Biblical
50%
Bilingüe Bilingual
50%
Empanado/Empanada Breaded
50%
Calamitoso/Calamitosa Calamitous
50%
Capitalista Capitalist
50%
Cáustico/Cáustica Caustic
50%
Cronológico/Cronológica Chronological
50%
Cinemático/Cinemática Cinematic
50%
Climático/Climática Climactic
50%
Coherente Coherent
50%
Comparable/Equiparable (also tantamount, equated) Comparable
50%
Comprehensivo(a)/Comprensivo/A todo riesgo Comprehensive
50%
Compulsivo/Compulsiva Compulsive
50%
Concernido Concerned
50%
Congruente Congruent
50%
Consagrado/Consagrada Consecrated
50%
Considerable Considerable
50%
Conspicuo Conspicuous
50%
Continental Continental
50%
Cósmico/Cósmica Cosmic
50%
Cursiva/Cursivo Cursive
50%
Cínico/Cínica Cynical
50%
Decrépito Decrepit
50%
Definitivo/Definitiva Definitive
50%
Deleitado/Deleitada Delighted
50%
Deplorable Deplorable
50%
Detenido/Detenida Detained
50%
Desmembrado/Desmembrada Dismembered
50%
Desproporcionado/Desproporcionada Disproportionate
50%
Distinguido/Distinguida Distinguished
50%
Divisivo/Divisiva Divisive
50%
Drogado/Drogada Drugged
50%
Ecléctico/Ecléctica Eclectic
50%
Editado/Editada Edited
50%
Sin fin Endless
50%
Enriquecido/Enriquecida Enriched
50%
Enunciado/Enunciada Enunciated
50%
Errático/Errática Erratic
50%
Exonerado/Exonerada Exonerated
50%
Festivo/Festiva Festive
50%
Frígido/Frígida Frigid
50%
Fundamentalista Fundamentalist
50%
Galáctica Galactic
50%
Superdotado(a)/Dotado(a) Gifted
50%
Armonioso/Armoniosa Harmonious
50%
Celestial (also celestial) Heavenly
50%
Identificable Identifiable
50%
Inconmensurable/Inmensurable Immeasurable
50%
Inmortal Immortal
50%
Imperialista Imperialist
50%
Incandescente Incandescent
50%
Incoherente Incoherent
50%
Incongruente Incongruent
50%
Inconspicuo Inconspicuous
50%
Incurables Incurable
50%
Indeciso/Indecisa Indecisive
50%
Indicativo/Indicativa Indicative
50%
Indomable/Indómito Indomitable
50%
Industrial Industrial
50%
Infecciosa/Infeccioso Infectious
50%
Poco frecuente/Infrecuente Infrequent
50%
Inoportuno/Inoportuna Inopportune
50%
Inorgánico/Inorgánica Inorganic
50%
Insidioso/Insidiosa Insidious
50%
Insincero/Poco sincero Insincere
50%
Instintivo/Instintiva Instinctive
50%
Intacto/Intacta Intact
50%
Intercontinental Intercontinental
50%
Interferido/Interferida Interfered
50%
Intolerable Intolerable
50%
Intrusivo/Intrusiva Intrusive
50%
Iridiscente Iridescent
50%
Cojo (injury or illness)/Penoso Lame
50%
Legislativo/Legislativa Legislative
50%
Leniente Lenient
50%
Letal Lethal
50%
Literario/Literaria Literary
50%
Lucrativo/Lucrativa Lucrative
50%
Lúdico/Lúdica Ludicrous
50%
Medieval Medieval
50%
Metafórico/Metafórica Metaphorical
50%
Minimalista Minimalist
50%
Misceláneos Miscellaneous
50%
Modesto(a)/Módico(a) (also affordable)/Púdico(a) (also prudish)/Pudoroso(a)/Pacato(a) Modest
50%
Morificado/Morificada Mortified
50%
Motivador/Motivacional Motivational
50%
Multilingüe Multilingual
50%
Mística/Místico Mystical
50%
Nombrado/Nombrada Named
50%
Obstruido(a)/Obstaculizado(a) Obstructed
50%
Óptica/Óptico Optic
50%
Optimizado/Optimizada Optimized
50%
Sin dolor/Indoloro Painless
50%
Aparcado/Aparcada Parked
50%
Perplejo/Perpleja Perplexed
50%
Perverso/Perversa Perverse
50%
Pesimista Pessimistic
50%
Plácido/Plácida Placid
50%
Pragmática/Pragmático Pragmatic
50%
Precario/Precaria Precarious
50%
Predeterminado/Predeterminada Predetermined
50%
Predominante/Predominio Predominant
50%
Proactivo/Proactiva Proactive
50%
Prodigioso/Prodigiosa Prodigious
50%
Promiscuo/Promiscua Promiscuous
50%
Propenso/Prono(a) Prone
50%
Profético/Profética Prophetic
50%
Proporcionado/Proporcionada Proportionate
50%
Prudente Prudent
50%
Puncionado(a)/Agujereada(o) (also pierced) Punctured
50%
Redundante Redundant
50%
Respetable Respectable
50%
Retenido/Retenida Retained
50%
Revertido/Revertida Reverted
50%
Revocada/Revocado Revoked
50%
Retórico/Retórica Rhetorical
50%
Riguroso/Rigurosa Rigorous
50%
Rudimentario/Rudimentaria Rudimentary
50%
Revuelto Scrambled
50%
Segregado/Segregada Segregated
50%
Selectivo/Selectiva Selective
50%
Senil Senile
50%
Serrado(a)/Aserrado(a) Serrated
50%
Duchado Showered
50%
Estoico/Estoica Stoic
50%
Estiloso Stylish
50%
Sujeto a cambios Subject to change
50%
Repentino(a)/Súbito(a) Sudden
50%
Quirúrgico/Quirúrgica Surgical
50%
Sudoroso(a)/Sudado(a) Sweaty
50%
Simbiótico/Simbiótica Symbiotic
50%
Platicador/Hablador Talkative
50%
Tedioso/Tediosa Tedious
50%
Tentativo(a)/Titubeante Tentative
50%
Tolerable Tolerable
50%
Transcontinental Transcontinental
50%
Traumático/Traumática Traumatic
50%
Irrompible Unbreakable
50%
Unedito(a)/Inedito(a) Unedited
50%
Inexplorado Unexplored
50%
Infiel Unfaithful
50%
No identificable/Inidentificable Unidentifiable
50%
Impuntual/Unpuntual Unpunctual
50%
No reactivo(a)/Irreactivo(a) Unreactive
50%
Irreal Unreal
50%
Insaturado Unsaturated
50%
Sin endulzar/Sin azúcar Unsweetened
50%
Antipático Unsympathetic
50%
Vampírico/Vampírica Vampiric
50%
Virgen Virgin
50%
Voraz/Voraces Voracious
50%
Lavado/Lavada Washed
50%
A prueba de agua/Resistente al agua Waterproof
50%
Abreviado Abbreviated
0%
Abdicado/Abdicada Abdicated
0%
Absuelto/Absuelta Absolved
0%
Adquirido/Adquirida Acquired
0%
Admisibles Admissible
0%
Aventurero/Aventurera Adventurous
0%
Aeróbic/Aeróbico(a) Aerobic
0%
Afable Affable
0%
Alarmante Alarming
0%
Alineado/Alineada Aligned
0%
También conocido como Also known as
0%
Altruista Altruistic
0%
Ambidiestro Ambidextrous
0%
Emboscada/Emboscado Ambushed
0%
Más enfadado Angriest
0%
Apocalíptico/Apocalíptica Apocalyptic
0%
Espantoso/Espantosa Appalling
0%
Arcaico/Arcaica Archaic
0%
Discutible (also debatable) Arguable
0%
Suscitado/Suscitada Aroused
0%
Ascético/Ascética Ascetic
0%
Atónito(a)/Asombrado(a) (also amazed, stunned, in awe, astounded) Astonished
0%
Expiado Atoned
0%
Audaces Audacious
0%
Austero (also stark) Austere
0%
Beligerante Belligerent
0%
Bonificado/Bonificada Bonafide
0%
Rebotante Bouncy
0%
Más valiente Bravest
0%
Genial (also great)/Brillante (also bright) Brilliant
0%
A prueba de balas/Antibalas Bulletproof
0%
Calloso Callous
0%
Precautoria Cautionary
0%
Infantil (also infant) Childish
0%
Más limpio(a) Cleanest
0%
Clemente Clement
0%
Listo(a) (also ready, smart)/Mañoso(a) Clever
0%
Coaccionado Coerced
0%
Coercitivo(a)/Coactivo(a) Coercive
0%
Más frío Coldest
0%
Coludido Colluded
0%
Conmemorativo/Conmemorativa Commemorative
0%
Contiguo/Contigua Contiguous
0%
Corporativo/Corporativa Corporate
0%
Corregible Correctable
0%
Corroído Corroded
0%
Falsificado/Falsificada (also falsified) Counterfeit
0%
Rajado(a)/Agrietado(a)/Resquebrajado(a) Cracked
0%
Verosímil (also plausible, believable) Credible
0%
Crudo Crude
0%
Más bonito Cutest
0%
Ciber Cyber
0%
Cibernético Cybernetic
0%
Deslumbrante/Fulgurante (also shining, flashing)/Despampanante (also stunning)/Rutilante (also glittering) Dazzling
0%
Más mortífero Deadliest
0%
Más profundo Deepest
0%
Desafiante Defiant
0%
Degenerado/Degenerada Degenerate
0%
Desegregado/Desegregada Desegregated
0%
Desensibilizado/Desensibilizada Desensitized
0%
Desviado (also devious, deviating) Deviated
0%
Desprovisto Devoid
0%
Tenue Dim
0%
Más sucio(a) Dirtiest
0%
Desencarnada/Incorpóreo (also incorporeal) Disembodied
0%
Desordenado/Desordenada Disorderly
0%
Pavoroso/Pavorosa Dreadful
0%
Ahogado/Ahogada Drowned
0%
Eclipsada/Eclipsado Eclipsed
0%
Egregio/Egregia Egregious
0%
Elegibles Eligible
0%
Igualado/Igualada (also matched) Equated
0%
Equitativo/Equitativa Equitable
0%
Azaroso(a) (also random, haphazard) Eventful
0%
Eviscerado/Eviscerada Eviscerated
0%
Excomulgado/Excomulgada Excommunicated
0%
Explotador/Explotadora (also exploiter) Exploitative
0%
Expositivo Expository
0%
Sin expresión Expressionless
0%
Desvanecido(a)/Desteñido(a) Faded
0%
Desmayado/Desmayada Fainted
0%
Fantasioso/Fantasiosa Fanciful
0%
Facista Fascist
0%
Factible Feasible
0%
Destacado (also outstanding) Featured
0%
Fino Fine
0%
Viciado Flawed
0%
Forjado/Forjada Forged
0%
Luchado(a)/Peleado(a) Fought
0%
Fétido (also smelly) Foul
0%
Frenético/Frenética Frantic
0%
Más amigable Friendliest
0%
Afrutado(a)/Frutado(a) Fruity
0%
Más divertido/Más gracioso Funniest
0%
Jadeó Gasped
0%
Sin género Genderless
0%
Glotona Gluttonous
0%
Grandioso Grandiose
0%
Grafiado Graphed
0%
Gratuito Gratuitous
0%
Grosero/Grosera (also rude) Gross
0%
Hecho(a) a mano Handmade
0%
Más feliz Happiest
0%
Más saludable Healthiest
0%
Más pesado(a) Heaviest
0%
Infernal Hellish
0%
Vacilante Hesitant
0%
Hecho en casa/Casero(a) Homemade
0%
Más caliente Hottest
0%
Hidráulico/Hidráulica Hydraulic
0%
Hipotético/Hipotética Hypothetical
0%
Ocioso/Ociosa Idle
0%
Inmaculada/Inmaculado Immaculate
0%
Inpenetrable Impenetrable
0%
Imperativo(a) Imperative
0%
Descortés Impolite
0%
Empobrecido/Empobrecida Impoverished
0%
Impúdico(a)/Impudente Impudent
0%
Impuro/Impura Impure
0%
Inaugurado/Inaugurada Inaugurated
0%
Incesante (also unceasing, ceaseless) Incessant
0%
Inconcebible Inconceivable
0%
Sin consecuencias/Inconsequente Inconsequential
0%
Incriminatorio/Incriminatoria Incriminating
0%
Indefinido/Indefinida Indefinite
0%
Indeterminado/Indeterminada Indeterminate
0%
Indiscriminada/Indiscriminado Indiscriminate
0%
Inepto/Inepta Inept
0%
Inexpresivo/Inexpresiva Inexpressive
0%
Infame Infamous
0%
Influenciado(a)/Influido(a) Influenced
0%
Infarrojos/Infaros Infrared
0%
Herido(a)/Lesionado(a) Injured
0%
Innumerable Innumerable
0%
Insaciable Insatiable
0%
Integrales Integral
0%
Intrincado/Intrincada Intricate
0%
Intrigado/Intrigada Intrigued
0%
Bromeando/Bromista (also joker) Joking
0%
Amable/Bondadoso(a) (also caring) Kind
0%
Risible Laughable
0%
Legalizado/Legalizada Legalized
0%
Lenitivo Lenitive
0%
Letárgico/Letárgica Lethargic
0%
Ligero/Ligera Light
0%
Más ligero(a) Lightest
0%
Lineal Linear
0%
Más suerte Luckiest
0%
Malífico/Malífica Malefic
0%
Materialista Materialistic
0%
Melancólico/Melancólica (also blue, melancholy) Melancholic
0%
Meloso(a)/Apacible (also calm, peaceful, mild, lazy) Mellow
0%
Despiadado(a)/Sin piedad Merciless
0%
Desalineado/Desalineada Misaligned
0%
Mal identificado Misidentified
0%
Misógino/Misógina Misogynous
0%
Mal colocado Misplaced
0%
Burlón/Burlesco Mocking
0%
Monógamo/Monógama Monogamous
0%
Monolingüe Monolingual
0%
Monótono/Monótona Monotonous
0%
Montañoso/Montañosa Mountainous
0%
Segado/Segada Mowed
0%
Momificado Mummified
0%
Nefasto(a)/Nefario Nefarious
0%
Recién nacido(a) Newborn
0%
Nihilista (also nihilist) Nihilistic
0%
Sin parar Nonstop
0%
Obligado/Obligada Obligated
0%
Obstinado/Obstinada Obstinate
0%
En dirección contraria/En dirección opuesta/Se aproxima (also approaching) Oncoming
0%
En curso Ongoing
0%
Oprimido/Oprimida Oppressed
0%
Óptimo/Óptima Optimal
0%
Estrambótico (also bizarre) Outlandish
0%
Fuera de servicio (also out of order) Out of service
0%
Desbordamiento Overflowing
0%
Sobrepoblado(a) Overpopulated
0%
Ultramarino Overseas
0%
Ensombrecida/Ensombrecido Overshadowed
0%
Mezquino Petty
0%
Fisiológico/Fisiológica Physiological
0%
Plagiado/Plagiada Plagiarized
0%
Tramado/Tramada Plotted
0%
Pinchado Poked
0%
Pulido/Pulida Polished
0%
Polígamo/Polígama Polygamous
0%
Más pobre Poorest
0%
Rentable/Provechoso Profitable
0%
Proporcionado/Proporcionada Provided
0%
Castigable Punishable
0%
Más raro Rarest
0%
Rebelde Rebellious
0%
Reclutado Recruited
0%
Lamentable Regrettable
0%
Aliviado/Aliviada Relieved
0%
Reubicado(a)/Trasladado(a) Relocated
0%
Sin remordimientos Remorseless
0%
De renombre Renowned
0%
Más rico Richest
0%
Más arriesgado(a) Riskiest
0%
Remachando/Remachanda Riveting
0%
Sacrificatorio Sacrificial
0%
Más triste Saddest
0%
Sádico Sadistic
0%
Más seguro Safest
0%
Santimonio/Santimonia Sanctimonious
0%
Saciable Satiable
0%
Más miedo/Más aterrador Scariest
0%
Sedentario/Sedentaria Sedentary
0%
Serpentina/Serpentín Serpentine
0%
Más agudo/Más filudo Sharpest
0%
Blindado(a)/Escudado(a) Shielded
0%
Astuto Shrewd
0%
Sincero/Sincera Sincere
0%
Sencillo (also simple) Single
0%
Hábil/Hábiles/Habilidoso (also skillful) Skilled
0%
Durmió/Dormía Slept
0%
Más inteligente Smartest
0%
Furtivo Sneaky
0%
Sombrío/Sombría (also shadowy) Somber
0%
Espectral Spectral
0%
Hablado/Hablada Spoken
0%
Espontáneo/Espontánea Spontaneous
0%
Apuñalado(a)/Puñalada(o) Stabbed
0%
Estancado/Estancada Stagnant
0%
Famélico (also famished, ravenous) Starving
0%
Tieso Stiff
0%
Apestoso (also smelly) Stinky
0%
Más extraño Strangest
0%
Más fuerte Strongest
0%
Más estúpido(a) Stupidest
0%
Servil/Supeditada(o) Subservient
0%
Subsidiado(a)/Subvencionado(a) Subsidized
0%
Suculento Succulent
0%
Sobrenatural Supernatural
0%
Supersticioso/Supersticiosa Superstitious
0%
Edulcorado(a)/Dulcificado(a) Sweetened
0%
Sintético/Sintética Synthetic
0%
Tenaz/Tenaces Tenacious
0%
Descongelado/Descongelada Thawed
0%
Teatral Theatric
0%
Teórico(a)/Teorético(a) Theoretical
0%
Titulado/Titulada Titled
0%
Atormentado (also haunted) Tormented
0%
Totalitario/Totalitaria Totalitarian
0%
Trazado/Trazada Traced
0%
Triunfante Triumphant
0%
Más feo Ugliest
0%
Inasequible Unaffordable
0%
Insoportable (also excruciating) Unbearable
0%
No nacido(a) Unborn
0%
Incompasivo (also unsympathetic) Uncompassionate
0%
Despreocupado Unconcerned
0%
Incorregible Uncorrectable
0%
Incontable (also countless) Uncountable
0%
Sin cortes/No cortado(a)/Sin cortar/En bruto (also rough) Uncut
0%
No-muerto(a) Undead
0%
Sin definir/No definido Undefined
0%
Indeseable Undesirable
0%
Deshecho Undone
0%
Sin acabar/Inacabado(a) Unfinished
0%
Impío/Impía Ungodly
0%
Injustificado/Injustificada Unjustified
0%
Sin nombre (also nameless) Unnamed
0%
Sin obstáculos (also unhindered) Unobstructed
0%
Poco original Unoriginal
0%
Inalcanzable (also unobtainable) Unreachable
0%
Desprevenido (also unready, unprepared) Unsuspecting
0%
Inutilizable Unusable
0%
Inquebrantable (also unwavering) Unyielding
0%
Actualizado/Actualizada (also upgraded) Updated
0%
Al día/Hasta la fecha Up to date
0%
De terciopelo Velvet
0%
Reivindicado/Reivindicada Vindicated
0%
Regado/Regada Watered
0%
Más débil Weakest
0%
Inalámbrico(a)/Sin cable Wireless
0%
Arrugado/Arrugada Wrinkly
0%
No matching quizzes found
Score Distribution
Percent of People with Each Score
Percentile by Number Answered
Your Score History
You have not taken this quiz since the last reset